• 首页
  • 本馆介绍
  • 公告通知
  • 最新文献
  • 馆藏检索
  • 电子资源
  • 读者导购
  • 参考咨询
  • 我的图书馆
  • 登录
  • 详细信息显示
  • 放入我的书架
  • 预约/预借图书
  • 作者相关作品
  • 分类相关作品
  • 丛书相关作品
  • 出版社相关作品

书目信息

  • 表格格式
  • 工作单格式
  • 卡片格式
题名:
当世界年纪还小的时候
    
 
作者: 舒比格 著 ;贝尔纳 , 廖云海 图
分册:  
出版信息: 成都   四川少年儿童出版社  2006
页数: 182页
开本: 22cm
丛书名:
单 册:
中图分类: I516.85
科图分类:
主题词: 儿童文学--故事--德国--现代--选集
电子资源:
ISBN: 978-7-5365-3943-3
000 00942nam0 2200253 450-
001 0101372906
005 20070529165207.0
010    @a978-7-5365-3943-3@dCNY28.00
100    @a20070226d2006 cemy0chiy0120 ea
101 1  @achi@cger
102    @aCN@b510000
105    @aa z 000yy
106    @ar
200 1  @a当世界年纪还小的时候@9Dang Shi Jie Nian Ji Huan;Hai Xiao De;Di Shi Hou @f(德)于尔克·舒比格著@g(德)罗特劳特·苏珊娜·贝尔纳图@g廖云海译@b专著@dAls die Welt noch jung war@zger
210    @a成都@c四川少年儿童出版社@d2006
215    @a182页@c图@d22cm
510 1  @aAls die Welt noch jung war@zger
606 0  @a儿童文学@x故事@y德国@z现代@j选集
690    @aI516.85@v4
701  0 @c(瑞士)@a舒比格@c(Schubiger,Jurg@f1936~)@4著@9shu bi ge
702  0 @c(德)@a贝尔纳@c(Berner, Rotraut Susanne@f1948~)@9bi she er@4图
702  0 @a廖云海@4译@9liao yun hai
801  0 @aCN@bAZmarc@c20230901
905    @aBZT@dI516.85@e7@f1@sI516.85/7
    
    当世界年纪还小的时候/(德)于尔克·舒比格著/(德)罗特劳特·苏珊娜·贝尔纳图/廖云海译=Als die Welt noch jung war.-成都:四川少年儿童出版社,2006
    182页:图;22cm
    
    
    ISBN 978-7-5365-3943-3:CNY28.00
    
●
相关链接 在五车中查询图书 在当当中查询图书 在豆瓣中查询图书


正题名:当世界年纪还小的时候     索取号:I516.85/7         预约/预借

序号 登录号 条形码 馆藏地/架位号 状态 备注
1 2000026321   2000026321   旧书回溯/ [索取号:I516.85/7] 在馆    
山东省滨州职业学院图书馆 欢迎您!
大连网信软件有限公司© 版权所有